• 首页
  • 本馆介绍
  • 公告通知
  • 最新文献
  • 馆藏检索
  • 电子资源
  • 读者导购
  • 参考咨询
  • 我的图书馆
  • 登录
  • 详细信息显示
  • 放入我的书架
  • 预约/预借图书
  • 作者相关作品
  • 分类相关作品
  • 丛书相关作品
  • 出版社相关作品

书目信息

  • 表格格式
  • 工作单格式
  • 卡片格式
书名: Communicating effectively
作者: Saundra Hybels, Richard L. Weaver II.
分册号:
分册名:
出版地: Boston :
 
出版社: McGraw Hill
出版时间: c2001.
页数: xxii, 648 p. :
开本: 26 cm. +
丛书名:
中图分类号:
科图分类号:
其他分类号: C912.3
主题词:
电子资源:
000 01243cam a2200289 a 450
001 E0760496768
005 20070422165623.07
008 000418s2001 maua b 001 0 eng
010    @a00031866
020    @a0072315679 (pbk. : alk. paper).
040    @aDLC@cDLC@dDLC
050 00 @aP95@b.H9 2001
082 00 @a302.2/242@2 21
090    @aC912.3
099    @dC912.3@ex50=6
100 1  @aHybels, Saundra.
245 10 @aCommunicating effectively / @cSaundra Hybels, Richard L. Weaver II.
250    @a6th ed.
260    @aBoston :@bMcGraw Hill,@cc2001.
300    @axxii, 648 p. :@bcol. ill. ;@c26 cm. +@e1 computer optical disc (4 3/4 in.).
504    @aIncludes bibliographical references and index.
538    @aSystem requirements for accompanying computer disc: Windows and Macintosh; Netscape Navigator 4.0 (or higher) or Internet Explorer 4.5 (or higher), Version 1.1a.
650  0 @aOral communication.
700 1  @aWeaver, Richard L.
906    @a7@bcbc@corignew@d1@eocip@f20@gy-gencatlg
925 0  @aacquire@b1 shelf copies@xpolicy default
955    @apc20 to sa00 04-18-00; lg23 to subj 04-20-00; le03 04-20-00; le28 to Dewey 04-20-00; aa15 04-21-00; bk rec’d, to CIP ver. ps13 07-13-00; CIP ver. pv08 to BCCD 08-08-00
    
    Communicating effectively / / Saundra Hybels, Richard L. Weaver II.-6th ed.-Boston : : McGraw Hill, , c2001.
    xxii, 648 p. : : col. ill. ; ; 26 cm. + + 1 computer optical disc (4 3/4 in.).
    Includes bibliographical references and index.-System requirements for accompanying computer disc: Windows and Macintosh; Netscape Navigator 4.0 (or higher) or Internet Explorer 4.5 (or higher), Version 1.1a.
    
    ISBN 0072315679 (pbk. : alk. paper).
    
●
相关链接 在E读中查询图书 在五车中查询图书 在当当中查询图书 在豆瓣中查询图书


正题名:Communicating effectively     索取号:C912.3/x50=6         预约/预借

序号 登录号 条形码 馆藏地/架位号 状态 备注
1 0004585   300045859   第二样本阅览室/ [索取号:C912.3/x50=6] 在馆    
唐山师范学院图书馆 欢迎您!
大连网信软件有限公司© 版权所有